000 00891nac a22002777a 4500
001 BR8903578
003 BR-BrBNA
005 20240105120959.0
008 230509b bl.|||m| |||| 00| 0 por d
040 _aBR-BrBNA
_bpor
_cBiblioteca Nacional de Agricultura
072 _aF30
090 _a0335 BR8903578
100 1 _aAntero Neto, J.F.
100 1 _aLima, R.N. de
110 1 _aEmpresa de Pesquisa Agropecuaria do Ceara, Fortaleza (Brasil)
245 1 _aComportamento de cultivares de gergelim no semi-arido cearense
260 3 _aFortaleza, CE (Brasil):
_c1989.
300 _a6 p.
490 _aComunicado Tecnico - Empresa de Pesquisa Agropecuaria do Ceara (Brazil)
_vno. 21
_x
650 _aGERGELIM
650 _aCOMPORTAMENTO DE VARIEDADE
650 _aREGIAO SEMI-ARIDA
650 _aCEARA
909 _a202312
_bLúcia Elande
_c55
_dLúcia Elande
942 _2AGRIS
_n0
_cMS
999 _c282577
_d282577